| 000 | 00586nam a22002297a 4500 | ||
|---|---|---|---|
| 003 | UA-OsUOA | ||
| 001 | 39221 | ||
| 007 | ta | ||
| 008 | 20060613b un ||||| |||| 00| 0 ukr d | ||
| 100 | _aГлушко М. | ||
| 090 |
_a821.161.1 _bГ55 |
||
| 942 | _cBK | ||
| 040 |
_aUA-OsUOA _brus _cUA-OsUOA _dUA-OsUOA |
||
| 245 |
_aЖивите дважды _bРоман |
||
| 300 | _a299 с. | ||
| 955 | _a3 | ||
| 041 | _arus | ||
| 080 | _a821.161.1 | ||
| 260 |
_aК. _bДнипро _c1976 |
||
| 650 | 7 |
_a82 Література. Літературознавство _2UDC |
|
| 999 |
_c325368 _d325368 |
||